| 000 | 00608nam a2200229 i 4500 | ||
|---|---|---|---|
| 001 | bgj | ||
| 100 | 1 | _aLAND, Geoffrey. | |
| 245 | 1 | 0 |
_aBehind the headlines / _cGeoffrey Land. |
| 250 | _a[3rd impr.]. | ||
| 260 |
_aHarlow, Essex : _bLongman, _c1989. |
||
| 300 |
_a96 pp : _bill. ; _c24 cm. |
||
| 500 | _aFirst publ. 1988. | ||
| 505 | _aIncl. answer key. | ||
| 650 | 9 |
_aEnglish language _xReading |
|
| 655 | _aTextbooks for foreigners | ||
| 020 | _a0582793440 (pbk) | ||
| 040 | _cBPK | ||
| 041 | 0 | _aeng | |
| 920 | _a0-582-79344-0 (pbk) | ||
| 942 | _cKS | ||
| 008 | s uk f |000 0 eng | ||
| 999 |
_c49362 _d49362 |
||
| 856 |
_uhttp://koha.tu.koszalin.pl/cgi-bin/koha/opac-detail.pl?biblionumber=49362 _yKatalog online BPK |
||